00614nam a2200181 a 450000100100000000500170001000800410002702000150006804000250008310000310010824500880013926000750022730000210030249000190032350000420034250400290038483000190041300004297120201002040535.0140213s2003 xxu 000 0 spa d a9977060126 aDO-SdBNPbspacBNPHU1 aGómez Colomer, Juan Luis10aJuicio penal con jurado en la España democrática. /cJuan Luis Gómez Colomer. aMiami, Florida, :bCentro para la Administración de Justicia,c2003. a101 p. ;c21 cm.1 aMonografiasv9 aIncluye datos biografícos del autor aBibliografía p: 98-101 0aMonografiasv9